[Event "Stavropol Region-ch"]
[Site "Kislovodsk"]
[Date "2011.09.16"]
[Round "7"]
[White "Uzdenov, Timur"]
[Black "Semiglazov, Nikolay"]
[Result "1/2-1/2"]
[WhiteElo "2118"]
[BlackElo "1947"]
[PlyCount "115"]
[EventDate "2011.09.09"]
[EventType "swiss"]
[EventRounds "9"]
[EventCountry "RUS"]
[SourceTitle "EXT 2022"]
[Source "ChessBase"]
[SourceDate "2021.10.06"]
[SourceVersion "1"]
[SourceVersionDate "2021.10.06"]
[SourceQuality "1"]

1. Nf3 Nf6 2. g3 g6 3. Bg2 Bg7 4. 0-0 0-0 5. c4 c5 6. Nc3 Nc6 7. d3 d5 8. cxd5 Nxd5 9. Bd2 Nxc3 10. Bxc3 Nd4 11. Rc1 Rb8 12. Bxd4 Bxd4 13. Qd2 b6 14. Nxd4 Qxd4 15. Rc4 Qd6 16. Rh4 Qf6 17. Rc1 Be6 18. h3 Rfd8 19. b4 c4 20. Qh6 cxd3 21. Qxh7+ Kf8 22. exd3 Qg7 23. Qh8+ Qxh8 24. Rxh8+ Kg7 25. Rxd8 Rxd8 26. Bf1 Rd4 27. a3 Kf6 28. f4 Rd5 29. Kf2 a5 30. h4 axb4 31. axb4 Rd4 32. Rb1 Bf5 33. Ke3 e5 34. Be2 Rd8 35. fxe5+ Kxe5 36. Rc1 Rd6 37. Rc4 Bd7 38. Re4+ Kf6 39. g4 Bc6 40. g5+ Kg7 41. Re7 Bd7 42. Bf3 Kf8 43. Re5 Ba4 44. d4 Bb3 45. Be4 Be6 46. d5 Bd7 47. Kd4 Kg7 48. Bf3 Kf8 49. Re3 Bb5 50. Ke5 Rd8 51. Kd4 Rc8 52. Rc3 Rxc3 53. Kxc3 Ke7 54. Kd4 Kd6 55. h5 gxh5 56. Bxh5 Be8 57. Bg4 Ba4 58. Bf5 1/2-1/2

[Event "Stavropol Region-ch"]
[Site "Kislovodsk"]
[Date "2011.09.15"]
[Round "6"]
[White "Rozhko, Mariya"]
[Black "Uzdenov, Timur"]
[Result "1/2-1/2"]
[WhiteElo "2096"]
[BlackElo "2118"]
[PlyCount "89"]
[EventDate "2011.09.09"]
[EventType "swiss"]
[EventRounds "9"]
[EventCountry "RUS"]
[SourceTitle "EXT 2022"]
[Source "ChessBase"]
[SourceDate "2021.10.06"]
[SourceVersion "1"]
[SourceVersionDate "2021.10.06"]
[SourceQuality "1"]

1. d4 Nf6 2. Nf3 g6 3. Bg5 d5 4. Nbd2 Bg7 5. e3 0-0 6. Bd3 Nbd7 7. 0-0 c5 8. c3 c4 9. Bc2 h6 10. Bh4 Re8 11. e4 dxe4 12. Nxe4 Nxe4 13. Bxe4 Nf6 14. Bc2 Bg4 15. h3 Bxf3 16. Qxf3 b5 17. Rfe1 a5 18. Re5 Qd7 19. Rae1 Ra6 20. Rc5 Rb6 21. a4 bxa4 22. Rxa5 Rc8 23. Bxa4 Qd8 24. Ra7 Bf8 25. Re2 Rcb8 26. g4 Rxb2 27. Bxf6 Rxe2 28. Qxe2 Rb1+ 29. Kg2 Qd5+ 30. f3 exf6 31. Be8 Rb7 32. Rxb7 Qxb7 33. Ba4 Bd6 34. Bd1 Qb5 35. Qa2 Kg7 36. Be2 Qg5 37. Bxc4 Qf4 38. Qe2 Qh2+ 39. Kf1 Qh1+ 40. Kf2 Qxh3 41. Qe8 Qg3+ 42. Ke2 Qg2+ 43. Ke3 Qg1+ 44. Ke2 Qg2+ 45. Ke3 1/2-1/2

[Event "Stavropol Region-ch"]
[Site "Kislovodsk"]
[Date "2011.09.14"]
[Round "5"]
[White "Uzdenov, Timur"]
[Black "Kondzhorian, Sona"]
[Result "1-0"]
[WhiteElo "2118"]
[BlackElo "1857"]
[PlyCount "67"]
[EventDate "2011.09.09"]
[EventType "swiss"]
[EventRounds "9"]
[EventCountry "RUS"]
[SourceTitle "EXT 2022"]
[Source "ChessBase"]
[SourceDate "2021.10.06"]
[SourceVersion "1"]
[SourceVersionDate "2021.10.06"]
[SourceQuality "1"]

1. Nf3 Nf6 2. g3 g6 3. c4 Bg7 4. Bg2 0-0 5. 0-0 d6 6. Nc3 c6 7. e4 Qc7 8. d3 e5 9. b4 Ne8 10. Bd2 f5 11. exf5 Bxf5 12. Qc2 Nd7 13. b5 Nc5 14. Ne1 Ne6 15. bxc6 bxc6 16. Rb1 Nd4 17. Qa4 Bd7 18. Be3 c5 19. Qd1 Rb8 20. Bxd4 exd4 21. Nd5 Qd8 22. h4 Nf6 23. Rxb8 Qxb8 24. Nxf6+ Rxf6 25. h5 Qc8 26. hxg6 hxg6 27. Bd5+ Kf8 28. Qd2 Be6 29. Bxe6 Qxe6 30. Ng2 Qd7 31. Re1 Kg8 32. Qg5 Re6 33. Qd5 Kf7 34. Nf4 1-0

[Event "Kislovodsk Plaza op"]
[Site "Kislovodsk"]
[Date "2010.12.13"]
[Round "3"]
[White "Potapov, Alexander"]
[Black "Uzdenov, Timur"]
[Result "1-0"]
[WhiteElo "2216"]
[BlackElo "2111"]
[PlyCount "99"]
[EventDate "2010.12.11"]
[EventType "swiss"]
[EventRounds "9"]
[EventCountry "RUS"]
[SourceTitle "EXT 2013"]
[Source "ChessBase"]
[SourceDate "2012.11.22"]
[SourceVersion "1"]
[SourceVersionDate "2012.11.22"]
[SourceQuality "1"]

1. d4 Nf6 2. Nf3 g6 3. c4 c5 4. Nc3 cxd4 5. Nxd4 Bg7 6. e4 0-0 7. Be2 Nc6 8. Be3 d6 9. f3 Bd7 10. Qd2 Nxd4 11. Bxd4 Bc6 12. b4 b6 13. 0-0 Rc8 14. Rac1 Rc7 15. Nd5 Nxd5 16. Bxg7 Kxg7 17. cxd5 Bd7 18. Rc3 e5 19. dxe6 Bxe6 20. Rxc7 Qxc7 21. Rc1 Qe7 22. a3 h5 23. f4 Rd8 24. Rc3 Qf6 25. Rd3 Qa1+ 26. Kf2 Kh7 27. Qc3 Qxc3 28. Rxc3 Kg7 29. Ke3 Kf6 30. h4 Ke7 31. Ba6 f6 32. Kd4 f5 33. Bb7 fxe4 34. Bxe4 Kf6 35. Rc6 Rd7 36. g3 Bf7 37. a4 Bb3 38. a5 bxa5 39. bxa5 Bf7 40. a6 Ke7 41. Rc3 Rd8 42. Rc7+ Rd7 43. Rb7 Kd8 44. Rb8+ Kc7 45. Rb5 Kd8 46. Rg5 Kc7 47. Bxg6 Bxg6 48. Rxg6 Kb6 49. Kd5 Kxa6 50. Rxd6+ 1-0

[Event "Stavropol Region-ch"]
[Site "Kislovodsk"]
[Date "2010.09.26"]
[Round "9"]
[White "Uzdenov, Timur"]
[Black "Tekeyev, Zaur"]
[Result "1/2-1/2"]
[WhiteElo "2117"]
[BlackElo "2151"]
[PlyCount "101"]
[EventDate "2010.09.18"]
[EventType "swiss"]
[EventRounds "9"]
[EventCountry "RUS"]
[SourceTitle "EXT 2022"]
[Source "ChessBase"]
[SourceDate "2021.10.06"]
[SourceVersion "1"]
[SourceVersionDate "2021.10.06"]
[SourceQuality "1"]

1. c4 e5 2. g3 Nf6 3. Bg2 Nc6 4. Nc3 Bb4 5. Nd5 Nxd5 6. cxd5 Nb8 7. Qa4 Qe7 8. a3 Bd6 9. Nf3 c6 10. e4 Na6 11. b4 Nc7 12. Nh4 0-0 13. Nf5 Qf6 14. Ne3 a5 15. bxa5 b6 16. dxc6 Rxa5 17. Qd1 dxc6 18. 0-0 Ba6 19. d3 Bc5 20. Bb2 Bd4 21. Bxd4 exd4 22. Nf5 Nb5 23. Qb3 c5 24. Rfe1 Nc3 25. Bf1 Bb5 26. h3 Rfa8 27. Nh4 Ba4 28. Qb2 b5 29. Bg2 Re8 30. f4 Ra6 31. e5 Qe6 32. Qf2 Bb3 33. f5 Qh6 34. f6 g6 35. Nf3 Bd5 36. Kh2 Rae6 37. h4 Bxf3 38. Qxf3 Rxe5 39. Rxe5 Rxe5 40. Rf1 Qf8 41. Qc6 Re6 42. Qb7 Qd8 43. Qa7 c4 44. dxc4 bxc4 45. Rf4 Ne2 46. Rf2 d3 47. Bd5 Rxf6 48. Bxf7+ Kh8 49. Rxf6 Qxf6 50. Bxc4 Qd6 51. Qe3 1/2-1/2

[Event "Stavropol Region-ch"]
[Site "Kislovodsk"]
[Date "2010.09.25"]
[Round "8"]
[White "Uzdenov, Timur"]
[Black "Popov, Andrey"]
[Result "0-1"]
[WhiteElo "2117"]
[BlackElo "2024"]
[PlyCount "90"]
[EventDate "2010.09.18"]
[EventType "swiss"]
[EventRounds "9"]
[EventCountry "RUS"]
[SourceTitle "EXT 2022"]
[Source "ChessBase"]
[SourceDate "2021.10.06"]
[SourceVersion "1"]
[SourceVersionDate "2021.10.06"]
[SourceQuality "1"]

1. c4 c6 2. Nf3 Nf6 3. g3 d5 4. cxd5 cxd5 5. Bg2 Nc6 6. 0-0 Bf5 7. a3 e6 8. b4 b5 9. Bb2 Be7 10. d3 0-0 11. Nbd2 a5 12. bxa5 Qxa5 13. h3 h6 14. Nb3 Qb6 15. Nfd4 Bh7 16. Nxc6 Qxc6 17. Nd4 Qd7 18. Qb3 Rfb8 19. Rfc1 Bd6 20. Rc2 Qb7 21. Rac1 Bg6 22. Rc6 Bf8 23. Kh2 Qa7 24. Rc7 Qa4 25. Ra1 e5 26. Bxd5 Nxd5 27. Qxd5 exd4 28. Bxd4 Rd8 29. Rd7 Rxd7 30. Qxd7 Qa5 31. Rb1 Qd8 32. Qxd8 Rxd8 33. Bb6 Rd5 34. Rb3 f5 35. Rc3 Rd7 36. Rb3 Rb7 37. Rxb5 Bxa3 38. Kg2 Bd6 39. Rb2 Bc5 40. f3 Rxb6 41. Rc2 Be3 42. f4 Bh5 43. g4 fxg4 44. hxg4 Bxg4 45. Kg3 Rg6 0-1

[Event "Stavropol Region-ch"]
[Site "Kislovodsk"]
[Date "2010.09.19"]
[Round "2"]
[White "Uzdenov, Timur"]
[Black "Chehonatskiy, Aleksandr"]
[Result "1-0"]
[WhiteElo "2117"]
[BlackElo "2061"]
[PlyCount "83"]
[EventDate "2010.09.18"]
[EventType "swiss"]
[EventRounds "9"]
[EventCountry "RUS"]
[SourceTitle "EXT 2022"]
[Source "ChessBase"]
[SourceDate "2021.10.06"]
[SourceVersion "1"]
[SourceVersionDate "2021.10.06"]
[SourceQuality "1"]

1. c4 Nf6 2. g3 e6 3. Bg2 d5 4. Nf3 c6 5. b3 g6 6. Bb2 Bg7 7. 0-0 0-0 8. d3 b6 9. Nbd2 Bb7 10. b4 Qe7 11. a4 Na6 12. b5 Nc5 13. bxc6 Bxc6 14. Ne5 Qc7 15. Nxc6 Qxc6 16. cxd5 Nxd5 17. d4 Rac8 18. e4 Nb4 19. e5 Qd7 20. dxc5 Nd3 21. Ne4 bxc5 22. Nf6+ Bxf6 23. exf6 e5 24. Be4 c4 25. Bxd3 cxd3 26. Bxe5 Qd5 27. Bf4 Rc2 28. Rc1 Ra2 29. Rc3 Rd8 30. Qb3 Qxb3 31. Rxb3 Rxa4 32. Rd1 Rad4 33. h4 h5 34. Kg2 R4d5 35. Kf3 Rf5 36. Rbxd3 Rxd3+ 37. Rxd3 Rxf6 38. Rd6 Rf5 39. Ra6 f6 40. Ke4 Rb5 41. Rxf6 Kg7 42. Ra6 1-0

[Event "Stavropol Region-ch"]
[Site "Kislovodsk"]
[Date "2009.10.10"]
[Round "8"]
[White "Uzdenov, Timur"]
[Black "Voskanyan, Arman"]
[Result "1/2-1/2"]
[WhiteElo "2132"]
[BlackElo "2209"]
[PlyCount "143"]
[EventDate "2009.10.03"]
[EventType "swiss"]
[EventRounds "9"]
[EventCountry "RUS"]
[SourceTitle "EXT 2022"]
[Source "ChessBase"]
[SourceDate "2021.10.06"]
[SourceVersion "1"]
[SourceVersionDate "2021.10.06"]
[SourceQuality "1"]

1. c4 e5 2. Nc3 d6 3. g3 f5 4. d3 Nf6 5. Bg2 g6 6. Nf3 Bg7 7. 0-0 0-0 8. Rb1 a5 9. a3 Qe7 10. Bg5 c6 11. b4 axb4 12. axb4 h6 13. Bd2 Kh7 14. b5 e4 15. Ne1 Nbd7 16. bxc6 bxc6 17. Na4 Rb8 18. Rxb8 Nxb8 19. Nc2 Re8 20. Nc3 Na6 21. Nd4 Bd7 22. dxe4 fxe4 23. Bf4 Nc5 24. Nc2 Bf8 25. h4 Ne6 26. Be3 Ng7 27. Bd4 Ngh5 28. Ne3 Bg7 29. Qd2 Qe6 30. Kh2 Bc8 31. Rd1 Bf8 32. Kg1 Bb7 33. Rb1 Ba8 34. Rb6 c5 35. Bxc5 Nd7 36. Rxd6 Bxd6 37. Bxd6 Ndf6 38. c5 Bc6 39. Qd4 Ng7 40. Kh2 Nf5 41. Nxf5 gxf5 42. Bh3 Ng4+ 43. Bxg4 fxg4 44. Nd1 Ra8 45. Ne3 Ra2 46. Qd1 Rb2 47. Bf4 Bb5 48. Qd6 Qxd6 49. cxd6 h5 50. Nd5 Kg6 51. Be3 Kf7 52. Nf4 Bxe2 53. Nxh5 Bf3 54. Nf4 Rb1 55. Ng2 Rd1 56. Bc5 Ke6 57. Nf4+ Kd7 58. Ng2 Kc6 59. Be3 Kxd6 60. Bf4+ Ke6 61. Be3 Kf7 62. Bc5 Ke6 63. Bb6 Kd7 64. Be3 Kc6 65. Ba7 Kb5 66. Be3 Kc4 67. h5 Bxg2 68. Kxg2 Rd5 69. h6 Kd3 70. Bc1 Ke2 71. Be3 Rh5 72. Bf4 1/2-1/2

[Event "Stavropol Region-ch"]
[Site "Kislovodsk"]
[Date "2009.10.07"]
[Round "5"]
[White "Uzdenov, Timur"]
[Black "Gerliani, Roin"]
[Result "1-0"]
[WhiteElo "2132"]
[BlackElo "1925"]
[PlyCount "155"]
[EventDate "2009.10.03"]
[EventType "swiss"]
[EventRounds "9"]
[EventCountry "RUS"]
[SourceTitle "EXT 2022"]
[Source "ChessBase"]
[SourceDate "2021.10.06"]
[SourceVersion "1"]
[SourceVersionDate "2021.10.06"]
[SourceQuality "1"]

1. c4 c6 2. Nf3 d5 3. cxd5 cxd5 4. g3 Nc6 5. Bg2 Nf6 6. 0-0 Bf5 7. d3 h6 8. Nc3 e6 9. a3 Bd6 10. b4 Rc8 11. Bb2 0-0 12. Rc1 Qe7 13. Qa4 a6 14. b5 axb5 15. Nxb5 Ra8 16. Qb3 Bb8 17. Nfd4 Nxd4 18. Bxd4 Rd8 19. a4 Qd7 20. Rc2 Ra6 21. Rfc1 Rc6 22. Rxc6 bxc6 23. Bxf6 gxf6 24. Nd4 Rc8 25. Nxf5 exf5 26. d4 f4 27. a5 fxg3 28. hxg3 Kg7 29. a6 Ba7 30. e3 Rb8 31. Qd1 Rb6 32. Bf1 Rb2 33. Qf3 Rb3 34. Rd1 Qe6 35. Bd3 Ra3 36. Bf5 Qd6 37. Bc8 Rc3 38. Bf5 Ra3 39. Qg4+ Kf8 40. Qh5 Rxa6 41. Qxh6+ Ke7 42. Qh8 Qb8 43. Qh7 Ke8 44. Rb1 Rb6 45. Ra1 Rb7 46. Kg2 Qc7 47. Rh1 c5 48. Qg8+ Ke7 49. Rh8 Rb8 50. Bc8 Kd6 51. dxc5+ Bxc5 52. Qg4 Qe7 53. Rh6 Kc7 54. Ba6 Rd8 55. Bd3 d4 56. e4 Rd6 57. Rh7 Rd7 58. Qd1 Kd8 59. Qb3 Qe6 60. Qb5 Rc7 61. Rh5 Ba7 62. Rd5+ Ke7 63. Qb4+ Bc5 64. Rxc5 Rxc5 65. Qxc5+ Ke8 66. Bb5+ Kd8 67. Qxd4+ Ke7 68. Qc5+ Kd8 69. Qd5+ Ke7 70. Qxe6+ fxe6 71. f4 Kf7 72. Bc4 Ke7 73. Kf3 Kd6 74. g4 Ke7 75. e5 fxe5 76. fxe5 Kf7 77. g5 Kg6 78. Kg4 1-0

[Event "Kislovodsk Rating"]
[Site "Kislovodsk"]
[Date "2009.07.26"]
[Round "9"]
[White "Uzdenov, Timur"]
[Black "Yurchenko, Nikolay"]
[Result "1/2-1/2"]
[WhiteElo "2117"]
[BlackElo "2065"]
[PlyCount "50"]
[EventDate "2009.07.18"]
[EventType "tourn"]
[EventRounds "9"]
[EventCountry "RUS"]
[SourceTitle "EXT 2022"]
[Source "ChessBase"]
[SourceDate "2021.10.06"]
[SourceVersion "1"]
[SourceVersionDate "2021.10.06"]
[SourceQuality "1"]

1. c4 Nf6 2. Nc3 c6 3. g3 g6 4. Bg2 Bg7 5. Nf3 0-0 6. 0-0 d5 7. cxd5 cxd5 8. d4 Nc6 9. Ne5 Qb6 10. Nxc6 Qxc6 11. Bg5 e6 12. Rc1 Qb6 13. Na4 Qd8 14. Qd2 Bd7 15. Nc5 Bc6 16. Bf3 Rc8 17. Qf4 Qc7 18. Qh4 Nd7 19. Nd3 Qb6 20. Be3 Bb5 21. Rxc8 Rxc8 22. Rc1 Rxc1+ 23. Nxc1 Bf6 24. Qf4 Be7 25. h4 Qd6 1/2-1/2

[Event "Kislovodsk Rating"]
[Site "Kislovodsk"]
[Date "2009.07.21"]
[Round "4"]
[White "Uzdenov, Timur"]
[Black "Fazulyanov, Sergey"]
[Result "0-1"]
[WhiteElo "2117"]
[BlackElo "2363"]
[PlyCount "78"]
[EventDate "2009.07.18"]
[EventType "tourn"]
[EventRounds "9"]
[EventCountry "RUS"]
[SourceTitle "EXT 2022"]
[Source "ChessBase"]
[SourceDate "2021.10.06"]
[SourceVersion "1"]
[SourceVersionDate "2021.10.06"]
[SourceQuality "1"]

1. c4 e5 2. Nc3 Nc6 3. g3 g6 4. Bg2 Bg7 5. Nf3 Nge7 6. 0-0 0-0 7. d3 d6 8. Rb1 a5 9. a3 h6 10. Bd2 f5 11. b4 axb4 12. axb4 Be6 13. b5 Na5 14. Qc2 g5 15. Qc1 c6 16. bxc6 bxc6 17. h4 g4 18. Bxh6 gxf3 19. Bxf3 f4 20. Bg5 Qd7 21. Ne4 Nf5 22. Bg2 Nd4 23. Qd1 Bh3 24. Kh2 Bxg2 25. Kxg2 Nxe2 26. Qxe2 f3+ 27. Qxf3 Rxf3 28. Kxf3 d5 29. Nd2 dxc4 30. dxc4 Nxc4 31. Nxc4 Qd5+ 32. Kg4 Qxc4+ 33. Kh3 c5 34. Kh2 e4 35. Rbc1 Qd5 36. Rb1 Bd4 37. Rb6 e3 38. Rg6+ Kf7 39. Rh6 Ra2 0-1

[Event "Kislovodsk Rating"]
[Site "Kislovodsk"]
[Date "2009.07.18"]
[Round "1"]
[White "Rozhko, Dmitry"]
[Black "Uzdenov, Timur"]
[Result "1/2-1/2"]
[WhiteElo "2368"]
[BlackElo "2117"]
[PlyCount "95"]
[EventDate "2009.07.18"]
[EventType "tourn"]
[EventRounds "9"]
[EventCountry "RUS"]
[SourceTitle "EXT 2022"]
[Source "ChessBase"]
[SourceDate "2021.10.06"]
[SourceVersion "1"]
[SourceVersionDate "2021.10.06"]
[SourceQuality "1"]

1. d4 Nf6 2. Nf3 g6 3. Bf4 c5 4. c3 cxd4 5. cxd4 Bg7 6. Nc3 0-0 7. e3 d6 8. h3 b6 9. Be2 Bb7 10. 0-0 Nbd7 11. a4 Rc8 12. Qb3 Ne4 13. Nxe4 Bxe4 14. Rfc1 Nf6 15. Qa3 Rxc1+ 16. Rxc1 Qb8 17. Nd2 Bb7 18. a5 Rc8 19. Rxc8+ Qxc8 20. axb6 axb6 21. Qa7 Qa8 22. Qxa8+ Bxa8 23. Nc4 Nd7 24. g4 Bd5 25. Bg3 h6 26. Kf1 Kf8 27. Ke1 Ke8 28. Kd2 Kd8 29. f3 Kc7 30. Kc3 f5 31. gxf5 gxf5 32. Nd2 e5 33. Bf2 exd4+ 34. exd4 Nc5 35. Bc4 Bxf3 36. Kb4 Ne4 37. Nxf3 Nxf2 38. h4 Bf6 39. Be6 f4 40. Kc4 Nd1 41. b3 Ne3+ 42. Kd3 d5 43. h5 Kd6 44. Bh3 Nd1 45. Bf5 Nf2+ 46. Ke2 Ne4 47. Kd3 Ng5 48. Nxg5 1/2-1/2